[Event "Superbet Blitz 2023"]
[Site "Warsaw POL"]
[Date "2023.05.24"]
[Round "1.1"]
[White "Deac, Bogdan-Daniel"]
[Black "Shevchenko, Kirill"]
[Result "0-1"]
[WhiteTitle "GM"]
[BlackTitle "GM"]
[WhiteElo "2700"]
[BlackElo "2684"]
[WhiteFideId "1226380"]
[BlackFideId "14129574"]
[EventDate "2023.05.24"]

1. Nf3 Nf6 2. b3 g6 3. Bb2 Bg7 4. g3 c5 5. c4 d6 6. Bg2 Nc6 7. O-O O-O 8. Nc3
Bf5 9. h3 Ne4 10. Na4 Nf6 11. d4 cxd4 12. Nxd4 Bd7 13. Nf3 Rc8 14. Rc1 Qa5 15.
a3 Rfd8 16. Bc3 Qc7 17. Nb2 Qb8 18. Nd3 a5 19. a4 e5 20. Nd2 Be6 21. e4 Nd7 22.
Ne1 Nc5 23. Nc2 Bh6 24. Ne3 Nd4 25. Rb1 b6 26. Kh2 Rf8 27. Ng4 Bg7 28. Ne3 h5
29. h4 Bh6 30. Nf3 Nxf3+ 31. Bxf3 Bxe3 32. fxe3 Qc7 33. Bg2 Qe7 34. Qc2 Bd7 35.
Rbd1 Bc6 36. Bb2 Rcd8 37. Ba3 Qe6 38. Rd2 Qg4 39. Bxc5 dxc5 40. Rdf2 Rd6 41. Rf6
Rfd8 42. Rxd6 0-1

[Event "Superbet Blitz 2023"]
[Site "Warsaw POL"]
[Date "2023.05.24"]
[Round "1.2"]
[White "Wojtaszek, Radoslaw"]
[Black "So, Wesley"]
[Result "1/2-1/2"]
[WhiteTitle "GM"]
[BlackTitle "GM"]
[WhiteElo "2670"]
[BlackElo "2760"]
[WhiteFideId "1118358"]
[BlackFideId "5202213"]
[EventDate "2023.05.24"]

1. d4 Nf6 2. c4 e6 3. Nf3 d5 4. Nc3 Be7 5. Bf4 O-O 6. e3 Nbd7 7. Be2 dxc4 8. O-O
c5 9. dxc5 Nxc5 10. Bxc4 Qxd1 11. Rfxd1 b6 12. Bd6 Bxd6 13. Rxd6 Bb7 14. Rad1
Bxf3 15. gxf3 Nb7 16. R6d4 Rfd8 17. f4 Kf8 18. Be2 Rxd4 19. Rxd4 Rc8 20. Ba6 Rc7
21. Bxb7 Rxb7 22. Rd8+ Ke7 23. Ra8 b5 24. Kf1 h6 25. h4 b4 26. Ne2 b3 27. axb3
Ne4 28. Nd4 Kf6 29. Kg2 g5 30. hxg5+ hxg5 31. fxg5+ Kxg5 32. f4+ Kh6 33. Kf3
Nd2+ 34. Ke2 Nxb3 35. Nxb3 Rxb3 36. Rxa7 Rxb2+ 37. Kf3 Kg6 38. Ra8 Rc2 39. Ra7
Rb2 40. Ra8 Rc2 41. Ra7 1/2-1/2

[Event "Superbet Blitz 2023"]
[Site "Warsaw POL"]
[Date "2023.05.24"]
[Round "1.4"]
[White "Rapport, Richard"]
[Black "Duda, Jan-Krzysztof"]
[Result "1-0"]
[WhiteTitle "GM"]
[BlackTitle "GM"]
[WhiteElo "2745"]
[BlackElo "2724"]
[WhiteFideId "738590"]
[BlackFideId "1170546"]
[EventDate "2023.05.24"]

1. d4 Nf6 2. Bg5 c5 3. Bxf6 gxf6 4. dxc5 Na6 5. e4 Nxc5 6. Nc3 e6 7. Qd4 b6 8.
O-O-O Bb7 9. Kb1 Be7 10. Nge2 Qc7 11. Ng3 h5 12. h4 Qe5 13. Qe3 O-O-O 14. Be2 d5
15. exd5 Qxe3 16. fxe3 Bd6 17. Nxh5 Be5 18. Bf3 Bxc3 19. bxc3 Bxd5 20. Nxf6 Bxf3
21. Rxd8+ Kxd8 22. gxf3 Ke7 23. Ng4 Rh5 24. c4 Nd7 25. f4 f5 26. Ne5 Nxe5 27.
fxe5 Kd7 28. Kb2 Kc6 29. Kc3 Kc5 30. a3 a6 31. a4 a5 32. Rh2 Kc6 33. Kd4 Kb7 34.
c5 Kc6 35. cxb6 Kxb6 36. c4 Kc6 37. c5 Kc7 38. Kc4 Kc6 39. Rh1 f4 40. exf4 Rf5
41. Rf1 Rh5 42. Rd1 Rxh4 43. Rd6+ Kc7 44. Kb5 Rxf4 45. Kxa5 Re4 46. Rxe6 Kd7 47.
Rd6+ Kc7 48. e6 Re1 49. Kb5 Rb1+ 50. Kc4 Ra1 51. Kd5 Rd1+ 52. Ke5 Re1+ 53. Kf6
Rf1+ 54. Ke7 Ra1 55. Ke8 1-0

[Event "Superbet Blitz 2023"]
[Site "Warsaw POL"]
[Date "2023.05.24"]
[Round "1.5"]
[White "Giri, Anish"]
[Black "Aronian, Levon"]
[Result "1-0"]
[WhiteTitle "GM"]
[BlackTitle "GM"]
[WhiteElo "2768"]
[BlackElo "2745"]
[WhiteFideId "24116068"]
[BlackFideId "13300474"]
[EventDate "2023.05.24"]

1. e4 e5 2. Nf3 Nc6 3. Bc4 Bc5 4. O-O Nf6 5. d3 d6 6. c3 a5 7. Re1 Ba7 8. Nbd2
O-O 9. h3 Be6 10. Bb5 Ne7 11. d4 Ng6 12. Ba4 c6 13. Bc2 b5 14. a4 b4 15. Nf1 Qc7
16. Ng3 c5 17. d5 Bd7 18. c4 Kh8 19. Nf5 Rae8 20. g4 Bb6 21. Be3 Qb8 22. Qd2 Bd8
23. b3 Ne7 24. Kh1 Nfg8 25. Rg1 g6 26. Ng3 Qc8 27. Nh2 f6 28. f4 exf4 29. Bxf4
Bc7 30. Raf1 g5 31. Be3 Ng6 32. Rf2 Bd8 33. Rgf1 Be7 34. Nh5 Ne5 35. Nf3 h6 36.
Ng3 Bd8 37. Nxe5 dxe5 38. Nf5 Bxf5 39. gxf5 Kg7 40. Bd1 Re7 41. Bh5 Rd7 42. h4
Be7 43. Rg2 Qd8 44. Qe2 Bd6 45. Rfg1 Kh8 46. Bg6 Ne7 47. Qh5 Nxg6 48. fxg6 Kg7
49. Rh2 Rh8 50. Rf1 Qe8 51. hxg5 fxg5 52. Qg4 Re7 53. Rf5 Qxg6 54. Bxg5 Rf7 55.
Bxh6+ Rxh6 56. Rg5 Rf6 57. Rxh6 Kxh6 58. Rxg6+ Rxg6 59. Qh4+ Kg7 60. Qd8 Kh6 61.
Qxa5 Kg5 62. Qd8+ Kf4 63. Qh4+ Ke3 64. a5 Kd4 65. a6 Bb8 66. Qf2+ Kc3 67. Qxc5
Rxa6 68. Qb5 Ra1+ 69. Kg2 Ba7 70. c5 Kxb3 71. d6 Ra2+ 72. Kf3 Rd2 73. Qa5 Bb8
74. Qb6 Kc3 75. Qxb8 b3 76. c6 1-0

[Event "Superbet Blitz 2023"]
[Site "Warsaw POL"]
[Date "2023.05.24"]
[Round "2.1"]
[White "Duda, Jan-Krzysztof"]
[Black "Giri, Anish"]
[Result "1/2-1/2"]
[WhiteTitle "GM"]
[BlackTitle "GM"]
[WhiteElo "2724"]
[BlackElo "2768"]
[WhiteFideId "1170546"]
[BlackFideId "24116068"]
[EventDate "2023.05.24"]

1. d4 d5 2. c4 c6 3. Nc3 Nf6 4. Nf3 e6 5. Bg5 h6 6. Bh4 Nbd7 7. e3 Be7 8. Bd3
dxc4 9. Bxc4 b5 10. Bd3 Bb7 11. a3 a5 12. O-O O-O 13. Qc2 Rc8 14. Rfd1 b4 15.
Bxf6 Nxf6 16. Ne4 c5 17. dxc5 Bxe4 18. Bxe4 Qc7 19. axb4 axb4 20. c6 b3 21. Qc4
Nxe4 22. Qxe4 Qxc6 23. Qxc6 Rxc6 24. Rd3 Rb6 25. Nd2 Bf6 26. Rb1 Rfb8 27. Kf1 g6
28. Ke2 Kg7 29. Ne4 Rc6 30. Nxf6 Kxf6 31. Rbd1 Rc2+ 32. R1d2 Rb7 33. Kd1 Rcc7
34. h4 h5 35. g3 Ke7 36. Ke2 Rc2 37. Kf3 Rc4 38. Rd4 Rc2 39. R4d3 Rc4 40. Ke2
Rc2 41. Ke1 Rc1+ 42. Rd1 Rc2 43. R1d2 Rc1+ 44. Rd1 Rc2 45. R1d2 1/2-1/2

[Event "Superbet Blitz 2023"]
[Site "Warsaw POL"]
[Date "2023.05.24"]
[Round "2.2"]
[White "Shevchenko, Kirill"]
[Black "Aronian, Levon"]
[Result "0-1"]
[WhiteTitle "GM"]
[BlackTitle "GM"]
[WhiteElo "2684"]
[BlackElo "2745"]
[WhiteFideId "14129574"]
[BlackFideId "13300474"]
[EventDate "2023.05.24"]

1. e4 e5 2. Nf3 Nc6 3. Bb5 Nf6 4. d3 Bc5 5. Bxc6 dxc6 6. O-O Bg4 7. h3 Bh5 8.
Nbd2 Nd7 9. c3 O-O 10. b4 Bd6 11. Nc4 f6 12. a4 c5 13. Rb1 b6 14. Be3 Kh8 15.
Qe2 cxb4 16. cxb4 Qe7 17. Bd2 Rfd8 18. Ne3 Nf8 19. Nf5 Qd7 20. Qe3 Ne6 21. Bc3
c5 22. Nd2 cxb4 23. Bxb4 Bxb4 24. Rxb4 Qxd3 25. Qxd3 Rxd3 26. Nc4 Nd4 27. a5
Nxf5 28. exf5 bxa5 29. Nxa5 Be8 30. Rfb1 h5 31. Rb7 Rd7 32. Rb8 Rd8 33. R8b7 a6
34. Kh2 Kh7 35. R1b6 Rd7 36. Rb8 Rxb8 37. Rxb8 Bf7 38. Ra8 Rd2 39. Kg3 h4+ 40.
Kxh4 Rxf2 41. g4 Bd5 42. Rxa6 Ra2 43. Ra7 e4 44. Nc6 Rd2 45. Ne7 Bf7 46. Ra4 e3
47. Re4 e2 48. Kg3 Bc4 49. Ng6 Rd1 0-1

[Event "Superbet Blitz 2023"]
[Site "Warsaw POL"]
[Date "2023.05.24"]
[Round "2.3"]
[White "Vachier-Lagrave, Maxime"]
[Black "Rapport, Richard"]
[Result "1-0"]
[WhiteTitle "GM"]
[BlackTitle "GM"]
[WhiteElo "2742"]
[BlackElo "2745"]
[WhiteFideId "623539"]
[BlackFideId "738590"]
[EventDate "2023.05.24"]

1. e4 e6 2. d4 d5 3. Nc3 Bb4 4. Ne2 dxe4 5. a3 Be7 6. Nxe4 Nd7 7. Bf4 Ngf6 8.
N2c3 O-O 9. Bd3 Nxe4 10. Nxe4 Nf6 11. Nxf6+ Bxf6 12. c3 Bd7 13. Qc2 h6 14. Bh7+
Kh8 15. Be4 Rb8 16. h4 Bc6 17. O-O-O Be7 18. Kb1 Bd6 19. Bg5 Bxe4 20. Qxe4 Qd7
21. c4 Qa4 22. c5 Bxc5 23. Bxh6 gxh6 24. Qe5+ f6 25. Qxc5 Qd7 26. d5 b6 27. Qe3
Qh7+ 28. Ka1 exd5 29. Rxd5 Rbe8 30. Qd2 Re7 31. g4 Qg6 32. g5 fxg5 33. hxg5 h5
34. f4 Kg8 35. Rd4 Ref7 36. Re1 h4 37. Rh1 Rh7 38. Qg2 Qf5 39. Rh3 Re8 40. Rd1
Qxf4 41. g6 Rhe7 42. Qd5+ Kg7 43. Rf3 Qg4 44. Rf7+ Kh6 45. Qd2+ Kxg6 46. Rff1
Kh7 47. Rg1 Qf5 48. Rdf1 Qh5 49. Qd3+ Kh8 50. Rf5 Re1+ 51. Ka2 Qe2 52. Qxe2 1-0

[Event "Superbet Blitz 2023"]
[Site "Warsaw POL"]
[Date "2023.05.24"]
[Round "2.4"]
[White "So, Wesley"]
[Black "Carlsen, Magnus"]
[Result "1-0"]
[WhiteTitle "GM"]
[BlackTitle "GM"]
[WhiteElo "2760"]
[BlackElo "2853"]
[WhiteFideId "5202213"]
[BlackFideId "1503014"]
[EventDate "2023.05.24"]

1. e4 d5 2. exd5 Qxd5 3. Nc3 Qa5 4. d4 Nf6 5. Nf3 Bf5 6. Bd2 e6 7. Bc4 Bb4 8. a3
Bxc3 9. Bxc3 Qb6 10. d5 Nbd7 11. dxe6 Bxe6 12. Bxe6 Qxe6+ 13. Qe2 Qxe2+ 14. Kxe2
O-O-O 15. Rhe1 Nd5 16. Bd4 f6 17. b3 c5 18. Bb2 Nb8 19. Kf1 Nc6 20. Rad1 Nde7
21. g4 Rxd1 22. Rxd1 Rd8 23. Re1 Kd7 24. g5 Rf8 25. gxf6 gxf6 26. Nd2 f5 27. Nf3
b6 28. Ng5 h6 29. Rd1+ Kc8 30. Bg7 Rg8 31. Bxh6 Nd4 32. h4 Rh8 33. Bg7 Rxh4 34.
Bxd4 cxd4 35. Nf3 Rh1+ 36. Ke2 Rxd1 37. Kxd1 d3 38. c4 Nc6 39. Kd2 Na5 40. Nd4
Kd7 41. Kxd3 Kd6 42. b4 Nb7 43. Nxf5+ Ke5 44. Nd4 a5 45. Ne2 axb4 46. axb4 Nd8
47. f4+ Kf5 48. Ke3 Ke6 49. Ke4 Nf7 50. Nd4+ Kd6 51. Kf5 Nh6+ 52. Kg5 Ng8 53.
Nf5+ Ke6 54. Ne3 Nf6 55. f5+ Kf7 56. Kf4 Nd7 57. Ng4 Nb8 58. b5 Ke7 59. Ne5 1-0

[Event "Superbet Blitz 2023"]
[Site "Warsaw POL"]
[Date "2023.05.24"]
[Round "2.5"]
[White "Deac, Bogdan-Daniel"]
[Black "Wojtaszek, Radoslaw"]
[Result "0-1"]
[WhiteTitle "GM"]
[BlackTitle "GM"]
[WhiteElo "2700"]
[BlackElo "2670"]
[WhiteFideId "1226380"]
[BlackFideId "1118358"]
[EventDate "2023.05.24"]

1. Nf3 d5 2. e3 Nf6 3. c4 e6 4. b3 c5 5. Bb2 Nc6 6. cxd5 exd5 7. Bb5 Bd6 8. O-O
O-O 9. h3 Bf5 10. Nc3 Rc8 11. Na4 a6 12. Be2 b5 13. Bxf6 Qxf6 14. Nb6 Rcd8 15.
Nxd5 Qe6 16. Nc3 Ne5 17. Ng5 Qh6 18. f4 Be7 19. Nge4 Nd3 20. Ng3 Bc8 21. Bf3 Bh4
22. Nge2 Be6 23. Ne4 f5 24. N4c3 Rfe8 25. Rb1 Bf6 26. a3 Qg6 27. Kh2 Qf7 28. Qc2
Qd7 29. Ng3 g6 30. Nce2 h5 31. Nh1 c4 32. b4 Bd5 33. Rbd1 Bxf3 34. Rxf3 Nb2 35.
Rc1 Qxd2 36. Nhg3 h4 37. Nf1 Qxc2 38. Rxc2 Nd3 39. Ra2 c3 40. Nd4 Ne1 41. Rff2
Bxd4 42. exd4 Rxd4 43. g3 c2 44. Raxc2 Nxc2 45. Rxc2 Re1 46. Kg2 hxg3 0-1

[Event "Superbet Blitz 2023"]
[Site "Warsaw POL"]
[Date "2023.05.24"]
[Round "3.1"]
[White "Carlsen, Magnus"]
[Black "Deac, Bogdan-Daniel"]
[Result "1/2-1/2"]
[WhiteTitle "GM"]
[BlackTitle "GM"]
[WhiteElo "2853"]
[BlackElo "2700"]
[WhiteFideId "1503014"]
[BlackFideId "1226380"]
[EventDate "2023.05.24"]

1. e4 e5 2. Nf3 Nf6 3. Nxe5 d6 4. Nf3 Nxe4 5. d4 d5 6. Bd3 Bd6 7. O-O O-O 8. c4
c6 9. Re1 Bf5 10. Qb3 Qd7 11. cxd5 cxd5 12. Nc3 Nxc3 13. Bxf5 Qxf5 14. bxc3 b6
15. Qb5 Qd7 16. a4 Qxb5 17. axb5 a5 18. Nh4 g6 19. Bh6 Rc8 20. g4 Nd7 21. Ng2
Rxc3 22. Ne3 Bf8 23. Nxd5 Bxh6 24. Nxc3 Bd2 25. Na4 Bxe1 26. Rxe1 Rc8 27. Re7
Rc4 28. Rxd7 Rxa4 29. Rd6 Rb4 30. Rxb6 Rxd4 31. h3 Rb4 32. Rb8+ Kg7 33. b6 a4
34. Ra8 Rxb6 35. Rxa4 Rb5 36. Kg2 h5 37. Kg3 hxg4 38. hxg4 g5 39. f4 Rb3+ 40.
Kf2 gxf4 41. Rxf4 f6 42. Rf3 Rxf3+ 43. Kxf3 Kg6 44. Kf4 Kg7 45. g5 Kg6 46. gxf6
Kxf6 1/2-1/2

[Event "Superbet Blitz 2023"]
[Site "Warsaw POL"]
[Date "2023.05.24"]
[Round "3.2"]
[White "Rapport, Richard"]
[Black "So, Wesley"]
[Result "1/2-1/2"]
[WhiteTitle "GM"]
[BlackTitle "GM"]
[WhiteElo "2745"]
[BlackElo "2760"]
[WhiteFideId "738590"]
[BlackFideId "5202213"]
[EventDate "2023.05.24"]

1. d4 Nf6 2. Bg5 d5 3. e3 c5 4. Bxf6 gxf6 5. Bb5+ Nc6 6. Ne2 a6 7. Bxc6+ bxc6 8.
c4 cxd4 9. Nxd4 Bb7 10. O-O e6 11. cxd5 cxd5 12. Qh5 Qe7 13. Nc3 Bg7 14. f4 f5
15. Rad1 Rc8 16. Rf3 Bf6 17. Rg3 Rc4 18. Nce2 a5 19. b3 Rc5 20. Nf3 Rc2 21. Ned4
Rxa2 22. Ne5 Rf8 23. h3 Bh4 24. Rg7 Bf2+ 25. Kh1 Bxe3 26. Nb5 Bc5 27. Rc1 d4 28.
Nd3 Bd6 29. Qxh7 Be4 30. Ne5 Bxe5 31. fxe5 Rxg2 32. Rxg2 Bxg2+ 33. Kxg2 Qg5+ 34.
Kf3 Qxc1 35. Nd6+ Kd7 36. Qg7 Qe3+ 37. Kg2 Qe2+ 38. Kg1 Qe3+ 39. Kg2 Rb8 40.
Qxf7+ Kc6 41. Qxe6 Qg5+ 42. Kf1 Qc1+ 43. Kg2 1/2-1/2

[Event "Superbet Blitz 2023"]
[Site "Warsaw POL"]
[Date "2023.05.24"]
[Round "3.3"]
[White "Wojtaszek, Radoslaw"]
[Black "Shevchenko, Kirill"]
[Result "0-1"]
[WhiteTitle "GM"]
[BlackTitle "GM"]
[WhiteElo "2670"]
[BlackElo "2684"]
[WhiteFideId "1118358"]
[BlackFideId "14129574"]
[EventDate "2023.05.24"]

1. Nf3 Nf6 2. g3 g6 3. b3 d5 4. Bb2 c5 5. c4 d4 6. b4 Bg7 7. Bg2 O-O 8. O-O Re8
9. d3 e5 10. bxc5 Nc6 11. Nbd2 e4 12. dxe4 Nxe4 13. Nxe4 Rxe4 14. Nd2 Re8 15.
Ne4 Bg4 16. Re1 Qd7 17. Qd2 Re5 18. e3 d3 19. Nd6 Rxc5 20. Bxg7 Qxd6 21. Bb2
Rxc4 22. Rac1 Qb4 23. Bc3 Qd6 24. Ba1 Rxc1 25. Rxc1 Rd8 26. Qc3 f6 27. f3 Bf5
28. Rd1 Ne5 29. e4 Rc8 30. Qb2 Rc2 31. Qxb7 Bh3 32. Qb3+ Kg7 33. Bxe5 Qc5+ 0-1

[Event "Superbet Blitz 2023"]
[Site "Warsaw POL"]
[Date "2023.05.24"]
[Round "3.4"]
[White "Giri, Anish"]
[Black "Vachier-Lagrave, Maxime"]
[Result "0-1"]
[WhiteTitle "GM"]
[BlackTitle "GM"]
[WhiteElo "2768"]
[BlackElo "2742"]
[WhiteFideId "24116068"]
[BlackFideId "623539"]
[EventDate "2023.05.24"]

1. c4 e5 2. g3 c6 3. Nf3 e4 4. Nd4 d5 5. cxd5 Qxd5 6. Nc2 Nf6 7. Nc3 Qe5 8. Bg2
Na6 9. O-O Be7 10. Ne1 h5 11. d4 Qf5 12. f3 exf3 13. Nxf3 h4 14. Nxh4 Qh5 15. e4
Ng4 16. h3 Bxh4 17. gxh4 Qxh4 18. Qf3 Nh6 19. Bxh6 Qxh6 20. Qxf7+ Kd8 21. Rf3
Bd7 22. d5 Kc7 23. dxc6 bxc6 24. Nd5+ cxd5 25. Rc3+ Kd8 26. Qxd5 Rc8 27. Rd1 Nb8
28. Rb3 Ke7 29. Qe5+ Kf7 30. Rxb8 Qe3+ 31. Kf1 Rhf8 32. Rxc8 Bxc8 33. Qd6 Ba6+ 0-1

[Event "Superbet Blitz 2023"]
[Site "Warsaw POL"]
[Date "2023.05.24"]
[Round "3.5"]
[White "Aronian, Levon"]
[Black "Duda, Jan-Krzysztof"]
[Result "1-0"]
[WhiteTitle "GM"]
[BlackTitle "GM"]
[WhiteElo "2745"]
[BlackElo "2724"]
[WhiteFideId "13300474"]
[BlackFideId "1170546"]
[EventDate "2023.05.24"]

1. e4 e5 2. Bc4 Nf6 3. Nc3 Nxe4 4. Qh5 Nd6 5. Bb3 Be7 6. f4 exf4 7. d4 O-O 8.
Nf3 Nc6 9. Bxf4 g6 10. Qh3 Nf5 11. O-O-O d6 12. g4 Ng7 13. Bh6 Na5 14. Nd5 Nxb3+
15. axb3 c6 16. Nxe7+ Qxe7 17. Rde1 Qd7 18. Qh4 f6 19. h3 a5 20. Rhf1 a4 21. Nd2
axb3 22. Rxf6 Ra1+ 23. Nb1 Re8 24. cxb3 Qd8 25. Rxe8+ Qxe8 26. Rxd6 Bd7 27. Kc2
Qf7 28. Rf6 Qe7 29. Nd2 Re1 30. Qf2 Re6 31. Rxe6 Nxe6 32. Ne4 Qf7 33. Qxf7+ Kxf7
34. Nd6+ Ke7 35. Nxb7 Nxd4+ 36. Kc3 Ne2+ 37. Kd3 Ng1 38. Be3 Nxh3 39. g5 Bf5+
40. Kc4 Be6+ 41. Kc3 Bd5 42. Nc5 Kd6 43. Kd4 Ke7 44. Ke5 Bf3 45. b4 Bg2 46. Nb3
Bh1 47. Nd4 1-0

[Event "Superbet Blitz 2023"]
[Site "Warsaw POL"]
[Date "2023.05.24"]
[Round "4.1"]
[White "Vachier-Lagrave, Maxime"]
[Black "Aronian, Levon"]
[Result "1/2-1/2"]
[WhiteTitle "GM"]
[BlackTitle "GM"]
[WhiteElo "2742"]
[BlackElo "2745"]
[WhiteFideId "623539"]
[BlackFideId "13300474"]
[EventDate "2023.05.24"]

1. e4 e5 2. Nf3 Nc6 3. Bb5 Nf6 4. O-O Nxe4 5. Re1 Nd6 6. Nxe5 Be7 7. Bf1 Nxe5 8.
Rxe5 O-O 9. d4 Bf6 10. Re2 b6 11. Re1 Bb7 12. Bf4 Nf5 13. c3 Re8 14. Rxe8+ Qxe8
15. Nd2 d6 16. Qc2 g6 17. Bd3 Ng7 18. Ne4 Be7 19. Re1 Qd7 20. h3 Re8 21. Bd2 Bd8
22. Ng3 Rxe1+ 23. Bxe1 c5 24. dxc5 dxc5 25. Bd2 Ne6 26. Be3 Bg5 27. Qd2 h6 28.
Be4 Qxd2 29. Bxd2 Bxd2 30. Bxb7 Bc1 31. b3 Kf8 32. Ne2 Bd2 33. g3 b5 34. Kg2 Ke7
35. Kf3 Ng5+ 36. Kg2 Ne6 37. Kf3 Ng5+ 38. Kg2 Ne6 1/2-1/2

[Event "Superbet Blitz 2023"]
[Site "Warsaw POL"]
[Date "2023.05.24"]
[Round "4.2"]
[White "So, Wesley"]
[Black "Giri, Anish"]
[Result "0-1"]
[WhiteTitle "GM"]
[BlackTitle "GM"]
[WhiteElo "2760"]
[BlackElo "2768"]
[WhiteFideId "5202213"]
[BlackFideId "24116068"]
[EventDate "2023.05.24"]

1. e4 c5 2. Nf3 d6 3. Bb5+ Nd7 4. d4 cxd4 5. Qxd4 a6 6. Be2 Ngf6 7. O-O e5 8.
Qe3 Nc5 9. Nc3 Be7 10. a4 O-O 11. Nd2 Ng4 12. Bxg4 Bxg4 13. h3 Be6 14. b3 Rc8
15. Bb2 f5 16. Rfd1 f4 17. Qe2 Qe8 18. Nd5 Bxd5 19. exd5 Qg6 20. b4 Nxa4 21.
Rxa4 Rxc2 22. Bc1 f3 23. Qf1 Bh4 24. g3 Bxg3 25. fxg3 e4 26. Ra3 Qxg3+ 27. Kh1
Rfc8 28. Qg1 Rxc1 29. Ra1 Qxh3+ 30. Qh2 Qxh2+ 31. Kxh2 Rxa1 32. Rxa1 Rc2 0-1

[Event "Superbet Blitz 2023"]
[Site "Warsaw POL"]
[Date "2023.05.24"]
[Round "4.3"]
[White "Deac, Bogdan-Daniel"]
[Black "Rapport, Richard"]
[Result "1-0"]
[WhiteTitle "GM"]
[BlackTitle "GM"]
[WhiteElo "2700"]
[BlackElo "2745"]
[WhiteFideId "1226380"]
[BlackFideId "738590"]
[EventDate "2023.05.24"]

1. d4 Nf6 2. Nf3 c5 3. e3 g6 4. Be2 Bg7 5. O-O b6 6. d5 O-O 7. Nc3 d6 8. h3 Na6
9. e4 Nc7 10. Re1 a6 11. a4 Bb7 12. Bf4 Re8 13. Bc4 e5 14. dxe6 Nxe6 15. Qxd6
Nd4 16. Nxd4 cxd4 17. Qxd8 Raxd8 18. Nd5 Nxe4 19. Nxb6 d3 20. cxd3 Nxf2 21. Kxf2
Bd4+ 22. Kg3 Bxb6 23. b4 Bd4 24. Rac1 Kg7 25. b5 axb5 26. Bxb5 Rxe1 27. Rxe1 Kf6
28. Bc4 g5 29. Bd2 Kg6 30. a5 f5 31. Re6+ Kh5 32. Re7 f4+ 33. Kh2 Ba8 34. Rxh7+
Kg6 35. Re7 Bf2 36. Be1 Bc5 37. Re6+ Kf5 38. Bc3 Bd4 39. Bxd4 Rxd4 40. Re8 Bc6
41. Rc8 Rd6 42. a6 f3 43. gxf3 Kf4 44. a7 Bxf3 45. Rf8+ 1-0

[Event "Superbet Blitz 2023"]
[Site "Warsaw POL"]
[Date "2023.05.24"]
[Round "4.4"]
[White "Shevchenko, Kirill"]
[Black "Duda, Jan-Krzysztof"]
[Result "1/2-1/2"]
[WhiteTitle "GM"]
[BlackTitle "GM"]
[WhiteElo "2684"]
[BlackElo "2724"]
[WhiteFideId "14129574"]
[BlackFideId "1170546"]
[EventDate "2023.05.24"]

1. c4 c5 2. Nf3 Nc6 3. Nc3 g6 4. d4 cxd4 5. Nxd4 Bg7 6. Nxc6 bxc6 7. g3 Rb8 8.
Bg2 Qa5 9. O-O Ba6 10. Qd3 d5 11. Qc2 Bxc4 12. Bd2 Qb6 13. b3 Bb5 14. Rac1 Nf6
15. Bf4 Ra8 16. Nxb5 cxb5 17. e4 dxe4 18. Bxe4 Nxe4 19. Qxe4 O-O 20. Qxe7 Rfe8
21. Qg5 Re2 22. Be3 Qb7 23. Rfd1 h6 24. Qg4 Rxa2 25. Rd7 Qa6 26. Qf3 Rf8 27.
Rxa7 Qxa7 28. Bxa7 Rxa7 29. Qc6 Rb8 30. Qd6 Rab7 31. g4 b4 32. h4 Bf8 33. Qf4
Rd8 34. Rc6 Rbd7 35. Qc4 Rd4 36. Qe2 Rd3 37. h5 g5 38. Rc7 R3d7 39. Rxd7 Rxd7
40. Qc4 Rd8 41. Kg2 Re8 42. f4 gxf4 43. Qxf4 Re2+ 44. Kf3 Re6 45. Qc4 Be7 46.
Kg3 Kg7 47. Qd4+ Kg8 48. Qd7 Kg7 49. Kg2 Re2+ 50. Kf3 Re6 51. Qd4+ Kg8 52. Kg2
Bf8 53. Qc4 Be7 54. Qb5 Kg7 55. Kf3 Rf6+ 56. Ke4 Re6+ 57. Kf3 Rf6+ 58. Kg2 Re6 1/2-1/2

[Event "Superbet Blitz 2023"]
[Site "Warsaw POL"]
[Date "2023.05.24"]
[Round "4.5"]
[White "Wojtaszek, Radoslaw"]
[Black "Carlsen, Magnus"]
[Result "1/2-1/2"]
[WhiteTitle "GM"]
[BlackTitle "GM"]
[WhiteElo "2670"]
[BlackElo "2853"]
[WhiteFideId "1118358"]
[BlackFideId "1503014"]
[EventDate "2023.05.24"]

1. d4 g6 2. c4 Bg7 3. e4 d6 4. Nc3 c5 5. d5 Bxc3+ 6. bxc3 e5 7. dxe6 Bxe6 8. Bf4
Nc6 9. Nf3 Qa5 10. Qc2 Nf6 11. Bd3 Qc7 12. Rd1 Ng4 13. Ng5 Bd7 14. Be2 Nge5 15.
Qd2 f6 16. Nf3 Be6 17. Qxd6 Qxd6 18. Rxd6 Ke7 19. Rd1 Rhd8 20. Nxe5 Nxe5 21.
Bxe5 fxe5 22. f3 Rac8 23. Kf2 Rxd1 24. Rxd1 Rc6 25. Rb1 Bc8 26. Bd1 Ra6 27. a4
g5 28. Ke3 Rh6 29. h3 Ra6 30. Bc2 h5 31. Rd1 Be6 32. Rb1 Rb6 33. Rxb6 axb6 34.
Bb3 h4 35. Kd3 Kd6 36. Bd1 Kc7 37. Be2 Bd7 38. Bd1 Kb8 39. Kd2 Be6 40. Be2 Ka7
41. Kc1 Ka6 42. Kb2 Ka5 43. Ka3 Bf7 44. Bd3 Be8 45. Bc2 Bd7 46. Bd1 Be6 47. Be2
Bd7 48. Bd1 Be6 49. Be2 Bd7 50. Bd1 1/2-1/2

[Event "Superbet Blitz 2023"]
[Site "Warsaw POL"]
[Date "2023.05.24"]
[Round "5.1"]
[White "Rapport, Richard"]
[Black "Wojtaszek, Radoslaw"]
[Result "1-0"]
[WhiteTitle "GM"]
[BlackTitle "GM"]
[WhiteElo "2745"]
[BlackElo "2670"]
[WhiteFideId "738590"]
[BlackFideId "1118358"]
[EventDate "2023.05.24"]

1. d4 Nf6 2. Bg5 d5 3. e3 Bg4 4. Qd3 Nbd7 5. h3 Bh5 6. Bxf6 exf6 7. Qf5 Bg6 8.
Qxd5 Bxc2 9. Bc4 Bb4+ 10. Nc3 O-O 11. Rc1 c6 12. Qf3 Bg6 13. Ne2 Nb6 14. Bb3 Re8
15. O-O a5 16. a3 Bd6 17. Rfd1 a4 18. Ba2 Qd7 19. Nf4 Ra5 20. Nxg6 hxg6 21. Qg4
Qxg4 22. hxg4 Rg5 23. d5 c5 24. Nb5 Bf8 25. d6 Rge5 26. Rc2 Rd8 27. f4 Rxe3 28.
Rxc5 Nc8 29. Kf2 Re4 30. Kf3 Ree8 31. Rxc8 1-0

[Event "Superbet Blitz 2023"]
[Site "Warsaw POL"]
[Date "2023.05.24"]
[Round "5.2"]
[White "Giri, Anish"]
[Black "Deac, Bogdan-Daniel"]
[Result "0-1"]
[WhiteTitle "GM"]
[BlackTitle "GM"]
[WhiteElo "2768"]
[BlackElo "2700"]
[WhiteFideId "24116068"]
[BlackFideId "1226380"]
[EventDate "2023.05.24"]

1. e4 c6 2. d4 d5 3. e5 Bf5 4. Nf3 e6 5. Be2 Nd7 6. O-O a5 7. c3 a4 8. Nbd2 h6
9. Ne1 h5 10. Ndf3 Be7 11. Bd3 Nh6 12. Bxh6 Rxh6 13. Bxf5 exf5 14. Qc2 f4 15.
Qf5 g5 16. h4 gxh4 17. Nd3 Nf8 18. Nxf4 Qd7 19. e6 fxe6 20. Qh3 Bd6 21. Nd3
O-O-O 22. Rfe1 Qg7 23. Nxh4 Kb8 24. b3 a3 25. b4 Qg4 26. Qxg4 hxg4 27. g3 Nd7
28. Re3 Be7 29. Kg2 Bxh4 30. gxh4 Rxh4 31. Rxe6 Rdh8 32. Nf4 Nb6 33. Rae1 Nc4
34. Re8+ Rxe8 35. Rxe8+ Ka7 36. Re7 Nd2 37. Nd3 Ne4 38. Nc5 Nxc5 39. dxc5 0-1